[Event "Polanica Zdroj op-D 58th"]
[Site "Polanica Zdroj"]
[Date "2022.08.21"]
[Round "9"]
[White "Kryzia, Wiktor"]
[Black "Wilgosz, Jan"]
[Result "1-0"]
[WhiteElo "1764"]
[BlackElo "1597"]
[PlyCount "105"]
[EventDate "2022.08.13"]
[EventType "swiss"]
[EventRounds "9"]
[EventCountry "POL"]
[SourceTitle "CBM 210 Extra"]
[Source "ChessBase"]
[SourceDate "2022.11.30"]
[SourceVersion "1"]
[SourceVersionDate "2022.11.30"]
[SourceQuality "1"]

1. e4 e5 2. Nf3 Nc6 3. d4 exd4 4. Nxd4 Qf6 5. Nxc6 Bc5 6. Qf3 Qxf3 7. gxf3 dxc6 8. Be3 Bb6 9. Bc4 Ne7 10. a4 Ng6 11. Rg1 f5 12. Ke2 Bd7 13. Nd2 0-0-0 14. a5 Bxe3 15. fxe3 fxe4 16. Nxe4 Ne5 17. Bb3 g6 18. f4 Ng4 19. h3 Nh6 20. Nf6 Rdf8 21. Nxd7 Kxd7 22. Rad1+ Ke7 23. Rg5 Rf5 24. h4 Rxg5 25. hxg5 Nf5 26. e4 Nd6 27. Kf3 h5 28. gxh6 Rxh6 29. Kg4 Kf8 30. Kg5 Kg7 31. Kg4 Nxe4 32. Rd7+ Kf8 33. Rxc7 Nc5 34. Kg5 Rh2 35. Kxg6 Nxb3 36. cxb3 Rxb2 37. Kf6 Ke8 38. Rxb7 c5 39. f5 c4 40. Re7+ Kd8 41. bxc4 Rb4 42. c5 Rb5 43. Rxa7 Rxc5 44. a6 Kc8 45. Kg6 Kb8 46. Rb7+ Kc8 47. Rb6 Kc7 48. Re6 Kd7 49. a7 Ra5 50. Kf6 Kd8 51. Re7 Ra6+ 52. Kf7 Ra5 53. a8Q+ 1-0

[Event "Malopolska Region-chB"]
[Site "Krakow"]
[Date "2019.06.21"]
[Round "4"]
[White "Kawula, Andrzej"]
[Black "Kryzia, Wiktor"]
[Result "1/2-1/2"]
[WhiteElo "1895"]
[BlackElo "1689"]
[PlyCount "106"]
[EventDate "2019.06.20"]
[EventType "swiss"]
[EventRounds "7"]
[EventCountry "POL"]
[SourceTitle "EXT 2020"]
[Source "ChessBase"]
[SourceDate "2019.10.17"]
[SourceVersion "1"]
[SourceVersionDate "2019.10.17"]
[SourceQuality "1"]

1. d4 d5 2. c4 e6 3. e3 c6 4. Nf3 Nf6 5. Bd3 Nbd7 6. 0-0 dxc4 7. Bxc4 b5 8. Bd3 a6 9. Nc3 Bb7 10. e4 c5 11. e5 cxd4 12. exf6 dxc3 13. fxg7 Bxg7 14. bxc3 Bxc3 15. Bg5 Bf6 16. h4 Nc5 17. Be2 Qxd1 18. Raxd1 Bxg5 19. Nxg5 h6 20. Nh3 Ke7 21. Rc1 Rac8 22. Nf4 Rhd8 23. Rfd1 Rxd1+ 24. Bxd1 e5 25. Bg4 Rc7 26. Nd3 Kd6 27. Nb4 Ne6 28. Rd1+ Nd4 29. f4 f6 30. fxe5+ fxe5 31. Rd2 a5 32. Nd3 Rc2 33. Rf2 Rxf2 34. Kxf2 Bd5 35. Nc1 a4 36. Bd1 e4 37. g4 Kc5 38. Ke3 Ne6 39. Bc2 Kb4 40. Bxe4 Bxe4 41. Kxe4 Ka3 42. Ke5 Nc5 43. g5 hxg5 44. hxg5 Nd7+ 45. Ke6 Nc5+ 46. Kd5 Nd7 47. Kc6 Ne5+ 48. Kxb5 Ng6 49. Ka5 Ne5 50. Kb5 Ng6 51. Kc4 Kb2 52. Kb4 a3 53. Ka4 Ne5 1/2-1/2